Statistics for Medical Abbreviations

Click here to take the quiz!

General Stats

  • This quiz has been taken 227 times
  • The average score is 8 of 18

Answer Stats

HintAnswer% Correct
ERemergency room
85%
MRImagnetic resonance imaging
70%
MSmultiple sclerosis
64%
TBtuberculosis
63%
BIDtwice a day
57%
PRNas needed
56%
DXdiagnosis
53%
MImyocardial infarction
50%
BMbowel movement
49%
CPRcardiopulmonary resuscitation
45%
HRheart rate
44%
TXtreatment
43%
MMRmeasles, mumps, rubella
42%
LUQleft upper quadrant
39%
C/Ocomplaining of
22%
Rright
18%
CATcomputerized axial tomography
6%
PPEpersonal protection equipment
6%

Score Distribution

Percentile by Number Answered

Percent of People with Each Score

Your Score History

You have not taken this quiz